UBT Library

Children with conduct disorders : (Record no. 43320)

000 -LEADER
fixed length control field 00797cam a2200241 a 4500
001 - CONTROL NUMBER
control field 1055280
005 - DATE AND TIME OF LATEST TRANSACTION
control field 20180223083541.0
008 - FIXED-LENGTH DATA ELEMENTS--GENERAL INFORMATION
fixed length control field 900716s1991 nyu b 001 0 eng c
010 ## - LIBRARY OF CONGRESS CONTROL NUMBER
LC control number 90055665
020 ## - INTERNATIONAL STANDARD BOOK NUMBER
International Standard Book Number 0465010555
040 ## - CATALOGING SOURCE
Original cataloging agency DNLM/DLC
Transcribing agency DLC
Modifying agency DLC
041 ## - LANGUAGE CODE
Language code of text/sound track or separate title eng
060 ## - NATIONAL LIBRARY OF MEDICINE CALL NUMBER
Classification number WS 350z6 K39c
080 ## - UNIVERSAL DECIMAL CLASSIFICATION NUMBER
Universal Decimal Classification number 618.928914 pau
082 00 - DEWEY DECIMAL CLASSIFICATION NUMBER
Classification number 618.928914 pau
Edition number 20
100 1# - Rafti
Rafti 49
101 ## - Shkurtesa
Shkurtesa psi
245 10 - TITLE STATEMENT
Title Children with conduct disorders :
Statement of responsibility, etc Paulina F. Kernberg and Saralea E. Chazan ; with the collaboration of Alice Kross Frankel ... [et al.].
504 ## - BIBLIOGRAPHY, ETC. NOTE
Bibliography, etc Includes bibliographical references (p. 287-297) and index.
906 ## - LOCAL DATA ELEMENT F, LDF (RLIN)
a 7
b cbc
c orignew
d 1
e ocip
f 19
g y-gencatlg
942 ## - ADDED ENTRY ELEMENTS (KOHA)
Source of classification or shelving scheme
Item type Books
Holdings
Withdrawn status Lost status Source of classification or shelving scheme Damaged status Not for loan Collection code Permanent location Current location Shelving location Date acquired Total Checkouts Full call number Barcode Date last seen Price effective from Koha item type
          Koleksioni i përgjithshem UBT - Lipjan UBT - Lipjan Koleksioni i përgjithshem 02/23/2018   618.928914 pau 002-2999627 02/23/2018 02/23/2018 Books
UBT Library © 2015-2024. All rights reserved University Education for Business and Technology